000 02237nam a2200313 i 4500
001 000022406
003 DO-SdBNP
005 20250605095032.0
007 ta
008 250605s1993 dr ac 001 0 spa d
020 _a9993490903
040 _aDO-SdBNP
_bspa
_cBNPHU
_erda
041 _hsp
082 4 _axxx
_bS714v
_221
100 _aSoriano Guzmán, Genaro
_eautor
_987987
111 2 _aSeminario sobre la Revolución de 1965.
_d(22-24 de mayo de 2002 :
_cSanto Domingo, República Dominicana)
_96986
245 1 0 _avivencias de un Presidente /
_cGenao Soriano Guzmán
250 _aPrimera edición
264 2 _aSanto Domingo :
_bCENAPEC ,
_c1993
300 _a123, 27 páginas sin numerar :
_bilustraciones ;
_c22 cm.
336 _atexto
_btxt
_2rdacontent
337 _asin mediación
_bn
_2rdamedia
338 _avolumen
_bnc
_2rdacarrier
505 2 _tHoja de vida 21 -- Dedicatoria 23 -- Agradecimientos 25 -- Menciones especiales a los medios de comunicación: TV, Radio y Prensa 27 -- Reconocimientos 29 -- In memoriam 31 -- Pensamientos penetrantes 33 -- Prolegómeno 35 -- Mi llegada a este planeta 37 -- Mi mocedad 38 -- Criterio de mi padre sobre mi profesión a escoger 40 -- Mi adultez 41 -- La plantación Escoto 49 -- Capítulo 1 61 -- Capítulo 2 81 -- Capítulo 3 93 -- Capítulo 4 101 -- Capítulo 5 105 -- Capítulo 6 109 -- Capítulo 7 111 -- Capítulo 8 113 -- Capítulo 9 115 -- Capítulo 10 119 -- Capítulo 11 121 -- Capítulo 12 123 -- Capítulo 13 139 -- Capítulo 14 145 -- Capítulo 15 149 -- Capítulo 16 151 -- Capítulo 17 153 -- Capítulo 18 155 -- Capítulo 19 165 -- Capítulo 20 167 -- Capítulo 21 171 -- Capítulo 22 175 -- Capítulo 23 179 -- Capítulo 24 181 -- Capítulo 25 191 -- Capítulo 26 193 -- Capítulo 27 195 -- Capítulo 28 199 -- Capítulo 29 205 -- Capítulo 30 209 -- Capítulo 31 211 -- Capítulo 32 213 -- Capítulo 33 215 -- Capítulo 34 221 -- Capítulo 35 225 -- Capítulo 36 227 -- Capítulo 37 229 -- Capítulo 38 231 -- Capítulo 39 233 -- Capítulo 40 237 -- Epílogo 653 -- Anexos 665
590 _aInventariado, 2025/DG
650 4 _aRepública dominicana
_xHistoria
_yRevolución, 1965
_vCongresos, conferencias, etc.
_946201
910 _aDG
942 _2ddc
_cLBS1
999 _c59147
_d59147